LEADER 01612nam0-2200457---45-- 001 990000765790203316 005 20070419140628.0 010 $a88-7686-097-5 035 $a0076579 035 $aUSA010076579 035 $a(ALEPH)000076579USA01 035 $a0076579 100 $a20011122d1987----km-y0ITAy01------ba 101 $aita 102 $aIT 105 $aa 00||| 200 1 $a<> libri di Orlando innamorato 210 $aModena$cPanini$dstampa 1987 215 $a159 p., [48] c. di tav.$cill.$d25 cm 225 2 $aSaggi$fIstituto di studi rinascimentali, Ferrara 300 $aCatalogo della Mostra tenuta a Ferrara, Reggio Emilia e Modena nel 1987 410 0$12001$aSaggi$fIstituto di studi rinascimentali, Ferrara 600 1$aBoiardo,$bMatteo Maria.$tOrlando innamorato$xEdizioni$xEsposizioni$z1987 606 $aRomanzi cavallereschi italiani$zSec. 15.-16.$xEsposizioni bibliografiche$z1987 676 $a016.8512 801 0$aIT$bsalbc$gISBD 912 $a990000765790203316 951 $aVI.3. Coll. 2/ 4(V C 1315)$b108452 LM$cV C 951 $aVI.3. Coll. 2/ 4a(V C 1315BIS)$b128044 LM$cV C 959 $aBK 969 $aUMA 979 $aPATTY$b90$c20011122$lUSA01$h1736 979 $aPATTY$b90$c20011122$lUSA01$h1739 979 $aPATTY$b90$c20011122$lUSA01$h1739 979 $aPATTY$b90$c20020128$lUSA01$h1539 979 $c20020403$lUSA01$h1724 979 $aPATRY$b90$c20040406$lUSA01$h1653 979 $aCOPAT5$b90$c20060306$lUSA01$h1605 979 $aCOPAT6$b90$c20070419$lUSA01$h1406 996 $aLibri di Orlando innamorato$9142150 997 $aUNISA